000 00704nam a2200289Ia 4500
005 20260324135625.0
008 008 260324s9999 xx 000 0 eng d
020 _a9780203463307
037 _aEBOOK
040 _aCRL
040 _beng
040 _cCRL
041 _2eng
041 _aeng
084 _qCRL
100 _aNeil Rhodes; Jonathan Sawday
_91201284
245 4 _aThe Renaissance Computer
245 0 _bKnowledge Technology in the First Age of Print
260 _bTaylor and Francis
260 _c2000
365 _a
365 _b230
856 _uhttp://www.taylorfrancis.com/books/9780203463307
942 _cEBOOK
999 _c1802572
_d1802572